000 01603nam a2200373 4500
001 284
003 OSt
005 20250528074017.0
008 250317b |||||||j |||| 00| 1 eng d
022 _a01043242
040 _bpor
041 _hita
_apor
082 _a028.5
_bB712t
100 1 _aBonelli, Gian luigi.
_d1908-2001
_9526
240 _aTex
245 _aTex
_bGuerra no povoado - n° 581 /
_cBonelli, G. L. ; Galleppini, A. ; Texto de Pasquale Ruju ; Desenho de Filippuci e Tradução de Paulo Guanaes
260 _aOuro Preto
_bMythos
_c2018
300 _a114 p.
_bil.
490 1 _aTex
_vvol. 581
520 _aTex n 581 Publicada originalmente em Tex (1958) n 681/2017 - Sergio Bonelli Editore Tex e seu filho Kit chegam ao povoado texano de Tabla Sagrada para prender os irmãos Forrester por terem matado o xerife de outra cidade. Mas no caminho para lá, pai e filho descobrem que um enorme bando de mexicanos está indo para Tabla Sagrada para matar os irmãos e arrasar a cidade. Então, eles terão que fazer uma insólita aliança com os Forresters para defender o povoado. Mas o que podem fazer 5 contra 50?
650 0 _aLiteratura italiana
_9164
650 0 _aInfantojuvenil
_9200
650 0 _aFaroeste
_9340
650 0 _aAventura
_947
650 0 _aAção
_964
655 0 _aHQs
_9247
655 0 _aFicção
_922
700 _aGalleppini, A
_eCoautor
_cCoautor
_9527
700 _aRuju, Pasquale
_eTexto
_cTexto
_9528
700 _aFilippucci
_eDesenho
_cDesenho
_9529
700 _aPaulo Guanaes
_eTradução
_9530
830 _aTex
_vvol. 581
_9531
942 _2ddc
_n0
_cBK
999 _c284
_d284